Finanční hospodaření společností s ručením omezeným.

Charakter spoločnosti s ručením obmedzeným (s.r.o.) podľa zákona č. 103/90 Zb. Obsah zmluvy o spoločnosti s.r.o. Kmeňový majetok a finančné fondy. Rozdeľovanie zisku a náhrada strát. Právne predpisy a zákony pre zdaňovanie spoločnosti s.r.o. Výhody liberalizovaného finančného hospodárenia spoločnost...

Full description

Saved in:
Bibliographic Details
Main Author: Beneš, L.
Format: Book Chapter
Language:Czech
Subjects:
Tags: Add Tag
No Tags, Be the first to tag this record!

MARC

LEADER 00000naa a2200000 4500
001 r003373
005 20221125081431.7
041 0 |a cze 
044 |a [CS] 
245 1 0 |a Finanční hospodaření společností s ručením omezeným.  |c L. Beneš 
520 |a Charakter spoločnosti s ručením obmedzeným (s.r.o.) podľa zákona č. 103/90 Zb. Obsah zmluvy o spoločnosti s.r.o. Kmeňový majetok a finančné fondy. Rozdeľovanie zisku a náhrada strát. Právne predpisy a zákony pre zdaňovanie spoločnosti s.r.o. Výhody liberalizovaného finančného hospodárenia spoločnosti s.r.o. a predpoklady širokého uplatnenia tejto právnej organizačnej formy v ČSFR. 
610 2 0 |a majetok kmeňový 
610 2 0 |a fondy finančné 
610 2 0 |a rozdeľovanie zisku 
610 2 0 |a strata 
610 2 0 |a ČSFR 
610 2 0 |a hospodárenie finančné 
610 2 0 |a dane podnikové 
610 2 0 |a predpisy právne 
610 2 0 |a spoločnosti obchodné 
100 1 |a Beneš, L.